Cena očami zákazníkov metódy cenových prieskumov

Zhrnutie jednotlivých metód marketingového výskumu na skúmanie ceny na základe odborných podkladov a autorových praktických skúseností.

Na minha lista:
Detalhes bibliográficos
Autor principal: Tóth, Igor
Formato: Capítulo de Livro
Idioma:eslovaco
Assuntos:
Tags: Adicionar Tag
Sem tags, seja o primeiro a adicionar uma tag!

MARC

LEADER 00000naa$a2200000$$$4500
001 0097524
005 20231114080230.6
041 0 |a slo 
044 |a CZ 
245 1 0 |a Cena očami zákazníkov  |b metódy cenových prieskumov  |c Igor Tóth 
520 |a Zhrnutie jednotlivých metód marketingového výskumu na skúmanie ceny na základe odborných podkladov a autorových praktických skúseností. 
610 2 0 |a zákazníci 
610 2 0 |a ceny 
610 2 0 |a testy 
610 2 0 |a metódy 
610 2 0 |a marketing mix 
610 2 0 |a stratégia marketingová 
100 1 |a Tóth, Igor